02859nam a22003257a 4500001001000000002001300010003001100023005001700034006001900051007000300070008004100073040001500114041000800129050003600137100003600173245009700209246006200306260012700368300005000495520064500545563091001190648004802100650005302148650005502201651001002256700004502266700004802311700004102359856013302400BRCA_9316LM-8 (19-48)FranzMayer20260505163916.0a||||gr|||| 00| d ta251211s1798 sp a|||grf||| 00| 0 spa d aBMFMFbspa0 aspa 4aTS545b.R56 1798 (LM-8 (19-48))1 aRio, Manuel ded(ca. 1690-1766)10aArte de reloxes de ruedas, para torre, sala, y faltriquera. Tomo primero / c Manuel del Rio10aArte de relojes de ruedas, para torre, sala y faltriquera aMadrid, España :ben la oficina de don Antonio Cruzado Reimpresos á costa de don Ramon Duran (su discípulo) ,c1798 a360 páginas :bGrabados ,c21 x 15 x 3.5 cm3 aObra publicada por primera vez en 1759 en España. Sin embargo, esta edición corresponde a una publicada casi cuarenta años despúes. Este libro es el primero de dos tomos y en él se explican temas relacionados tanto con el mantenimiento, como con la construcción y mecánica o funcionamento de distintos tipos de relojes. bUno de los mayores aportes de este tratado es que Manuel del Río fue el primero en dar instrucciones para la construcción de relojes autómatas para iglesias. Además, incluye varios grabados de Cipriano Maré con ilustraciones de relojes, herramientas, engranajes y otros elementos gráficos.  aOtras referencias físicas: Encuadernación entera en piel decorada. El papel del cuerpo del libro está formado por pulpa de trapo, hecho a mano, con marcas de verjurado y marcas de agua. El cuerpo del libro está formado por cuadernillos unidos mediante costura alternada sobre dos soportes de material no identificado; las prolongaciones se usaron para unir el cuerpo a la cartera. Hojas de guarda decoradas, con marcas de verjurado. Lomera ligeramente redondeada y adherida al lomo. Cantos del cuerpo refinados más de una vez y pulidos. Soportes de las tapas de cartón. Decoración con dorado en el lomo. Las costillas no corresponden al número de soportes de costura y están marcadas a través de la decoración. Tiene 6 casillas, dos de ellas con tejuelos negros y el texto grabado en dorado (en la segunda casilla el título y en la tercera casilla el número "1"). Texto impreso 0aViceroyalty periodyViceroyalty (1535-1821)10aWatchmaking and clockmakingxEarly works to 180010aClocks and pocket watchesxDesign and construction 0aSpain1 aMaré, Ciprianod(1775-1814)egrabador 1 aCruzado, Antoniod(fl. 1794-1800)eimpresor1 aDurán, Ramónd(fl. 1798)eeditor41qTIF//PDFuhttps://bibliotecadigital.franzmayer.org.mx/items/24437c1d-eb67-41f2-8ae6-63356251b0bcyBiblioteca Digital Franz Mayer